[Event "Mittelfranken-chTB1 0910"]
[Site "Mittelfranken"]
[Date "2010.03.14"]
[Round "8.5"]
[White "Kordts, Florian"]
[Black "Maettig, Stefan"]
[Result "0-1"]
[WhiteElo "1868"]
[BlackElo "1975"]
[PlyCount "56"]
[EventDate "2009.10.11"]
[EventType "team-tourn"]
[EventRounds "9"]
[EventCountry "GER"]
[SourceTitle "EXT 2011"]
[Source "ChessBase"]
[SourceDate "2010.11.26"]
[SourceVersion "1"]
[SourceVersionDate "2010.11.26"]
[SourceQuality "1"]
[WhiteTeam "Postbauer Heng"]
[BlackTeam "Nuernberg NT III"]
[WhiteTeamCountry "GER"]
[BlackTeamCountry "GER"]

1. c4 Nf6 2. Nf3 d6 3. g3 g6 4. Bg2 Bg7 5. 0-0 0-0 6. Nc3 e5 7. d3 Nc6 8. Rb1 h6 9. b4 Be6 10. e4 Qd7 11. a4 Bg4 12. Qd2 Nh5 13. b5 Nd8 14. Ne1 Bh3 15. Bb2 Bxg2 16. Nxg2 Qh3 17. Nd5 c6 18. bxc6 bxc6 19. Nde3 Ne6 20. f3 f5 21. exf5 gxf5 22. Nd1 Nf6 23. Nh4 Ng5 24. Nf2 Qxh4 25. gxh4 Nxf3+ 26. Kg2 Nxd2 27. Ba3 Nxf1 28. Kxf1 c5 0-1

[Event "Mittelfranken-chTB1 0910"]
[Site "Mittelfranken"]
[Date "2009.10.11"]
[Round "1.5"]
[White "Kordts, Florian"]
[Black "Buchweitz, Joerg"]
[Result "1/2-1/2"]
[WhiteElo "1868"]
[BlackElo "2035"]
[PlyCount "53"]
[EventDate "2009.10.11"]
[EventType "team-tourn"]
[EventRounds "9"]
[EventCountry "GER"]
[SourceTitle "EXT 2011"]
[Source "ChessBase"]
[SourceDate "2010.11.26"]
[SourceVersion "1"]
[SourceVersionDate "2010.11.26"]
[SourceQuality "1"]
[WhiteTeam "Postbauer Heng"]
[BlackTeam "Lauf"]
[WhiteTeamCountry "GER"]
[BlackTeamCountry "GER"]

1. c4 c5 2. Nc3 g6 3. g3 Bg7 4. Bg2 Nc6 5. e4 d6 6. Nge2 e5 7. 0-0 Nge7 8. d3 0-0 9. Be3 f5 10. Qd2 Nd4 11. f4 Rb8 12. fxe5 dxe5 13. Nd5 Nec6 14. Nxd4 Nxd4 15. Bg5 Qe8 16. Be7 Rf7 17. Bd6 Ra8 18. Bxc5 Ne6 19. Bd6 Qd8 20. c5 Nd4 21. Rf2 Nb5 22. Qb4 Nxd6 23. cxd6 Bf8 24. Ne7+ Bxe7 25. dxe7 Qxe7 26. Qxe7 Rxe7 27. exf5 1/2-1/2

[Event "Regionalliga NO 0809"]
[Site "Bayern"]
[Date "2009.03.29"]
[Round "9.6"]
[White "Kordts, Florian"]
[Black "Lutz, Rainer"]
[Result "1/2-1/2"]
[WhiteElo "1876"]
[BlackElo "1883"]
[PlyCount "113"]
[EventDate "2008.10.05"]
[EventType "team-tourn"]
[EventRounds "9"]
[EventCountry "GER"]
[SourceTitle "EXT 2020"]
[Source "ChessBase"]
[SourceDate "2019.10.17"]
[SourceVersion "1"]
[SourceVersionDate "2019.10.17"]
[SourceQuality "1"]
[WhiteTeam "Postbauer"]
[BlackTeam "Bechhofen"]
[WhiteTeamCountry "GER"]
[BlackTeamCountry "GER"]

1. c4 c6 2. Nf3 Nf6 3. g3 d5 4. b3 Bg4 5. Bg2 e6 6. 0-0 Nbd7 7. Bb2 Qb6 8. d3 Bc5 9. Nc3 Qc7 10. d4 Be7 11. cxd5 exd5 12. Re1 0-0 13. e4 dxe4 14. Nxe4 Bb4 15. Nxf6+ Nxf6 16. Re5 Rfe8 17. Qc2 Qd7 18. Rxe8+ Rxe8 19. Ne5 Qe7 20. Nxg4 Nxg4 21. Bf3 Nf6 22. a3 Bd6 23. Qf5 Qe6 24. Qxe6 fxe6 25. Re1 Kf7 26. Kg2 Nd5 27. Bg4 Nc7 28. b4 Be7 29. f4 Bf6 30. Kf3 g6 31. Ke4 Nb5 32. Kd3 Nd6 33. Bd1 Ke7 34. Bb3 Kd7 35. a4 Bg7 36. Re2 Bf8 37. Bc3 a6 38. Re1 Nc8 39. h4 Nb6 40. a5 Nd5 41. Bxd5 exd5 42. Rxe8 Kxe8 43. g4 Kf7 44. Ke3 Ke6 45. Kf3 Bd6 46. Bd2 Bc7 47. Bc3 h5 48. Bd2 Kf6 49. Kg3 b6 50. axb6 Bxb6 51. Bc3 Bc7 52. Bd2 Bd6 53. Bc3 Ke6 54. Kf3 Be7 55. Be1 Bf6 56. Bf2 Bd8 57. Be1 1/2-1/2

[Event "GER-chT U16"]
[Site "Bingen"]
[Date "2008.12.29"]
[Round "6.1"]
[White "Kordts, Florian"]
[Black "Borgmeyer, Max"]
[Result "0-1"]
[WhiteElo "1812"]
[BlackElo "2031"]
[PlyCount "82"]
[EventDate "2008.12.27"]
[EventType "team-swiss"]
[EventRounds "7"]
[EventCountry "GER"]
[SourceTitle "EXT 2010"]
[Source "ChessBase"]
[SourceDate "2010.11.25"]
[SourceVersion "1"]
[SourceVersionDate "2010.11.25"]
[SourceQuality "1"]
[WhiteTeam "Postbauer Heng U16"]
[BlackTeam "Hamburg Koenigsspringer U16"]
[WhiteTeamCountry "GER"]
[BlackTeamCountry "GER"]

1. c4 e5 2. Nc3 Nc6 3. g3 f5 4. d3 Nf6 5. Bg2 Bb4 6. Bd2 0-0 7. a3 Bxc3 8. Bxc3 d6 9. b4 Qe8 10. b5 Ne7 11. Qb3 Qf7 12. Nf3 e4 13. Nd4 Ng4 14. h3 Ne5 15. 0-0-0 exd3 16. exd3 f4 17. Be4 Nd7 18. Qc2 Nc5 19. Bg2 Qg6 20. g4 a6 21. Rhe1 Rf7 22. a4 Bd7 23. Bb4 Re8 24. Bxc5 dxc5 25. Nf3 Qh6 26. g5 Qd6 27. Re2 Nf5 28. Rde1 Rfe7 29. Rxe7 Rxe7 30. Rxe7 Qxe7 31. Qd2 Qd6 32. Qc3 axb5 33. axb5 Nd4 34. Nxd4 cxd4 35. Bd5+ Qxd5 36. Qa3 Qh1+ 37. Kc2 Qe1 38. Qa8+ Kf7 39. Qxb7 Qc3+ 40. Kd1 Qxd3+ 41. Ke1 Qxc4 0-1

[Event "Nuremberg LGA Cup 5th"]
[Site "Nuremberg"]
[Date "2008.09.07"]
[Round "7.57"]
[White "Kordts, Florian"]
[Black "Reis, Gerhard"]
[Result "0-1"]
[WhiteElo "1930"]
[BlackElo "2216"]
[PlyCount "88"]
[EventDate "2008.09.04"]
[EventType "swiss"]
[EventRounds "7"]
[EventCountry "GER"]
[SourceTitle "EXT 2022"]
[Source "ChessBase"]
[SourceDate "2021.10.06"]
[SourceVersion "1"]
[SourceVersionDate "2021.10.06"]
[SourceQuality "1"]

1. c4 Nf6 2. Nf3 g6 3. g3 Bg7 4. Bg2 0-0 5. 0-0 d6 6. Nc3 Nc6 7. Rb1 a5 8. a3 e5 9. d3 Ne7 10. b4 axb4 11. axb4 h6 12. Bb2 Be6 13. Qc2 Qd7 14. Rfc1 Bh3 15. Bh1 Nf5 16. Ra1 Nh7 17. b5 h5 18. e4 Ne7 19. Rxa8 Rxa8 20. Ra1 Rxa1+ 21. Bxa1 f5 22. Qa2 f4 23. Qa8+ Qc8 24. Qxc8+ Bxc8 25. Ne2 g5 26. gxf4 exf4 27. Bxg7 Kxg7 28. Nd2 Ng6 29. d4 g4 30. f3 Kf6 31. Kf2 Ng5 32. Bg2 c5 33. dxc5 dxc5 34. Nc3 Ke5 35. Nb3 Nh4 36. fxg4 Nxg2 37. Kxg2 hxg4 38. Nd5 Nxe4 39. Nb6 f3+ 40. Kf1 Be6 41. Na5 Kd4 42. Nxb7 Ke3 43. Nd5+ Bxd5 44. cxd5 Nd2+ 0-1

[Event "GER-chT WK 3 U16"]
[Site "Kiel"]
[Date "2007.05.17"]
[Round "2.1"]
[White "Dietrich, Stefan"]
[Black "Kordts, Florian"]
[Result "0-1"]
[WhiteElo "1324"]
[BlackElo "1892"]
[PlyCount "36"]
[EventDate "2007.05.17"]
[EventType "team-swiss"]
[EventRounds "7"]
[EventCountry "GER"]
[SourceTitle "EXT 2008"]
[Source "ChessBase"]
[SourceDate "2007.11.25"]
[SourceVersion "1"]
[SourceVersionDate "2007.11.25"]
[SourceQuality "1"]

1. e4 c5 2. Nf3 Nc6 3. d4 cxd4 4. Nxd4 g6 5. Be3 Bg7 6. Nc3 Nf6 7. f3 d6 8. Qd2 0-0 9. Be2 Bd7 10. 0-0-0 a6 11. g4 b5 12. h4 h5 13. Nxc6 Bxc6 14. g5 Nd7 15. Bd3 Ne5 16. Rhf1 b4 17. Nb1 Nxd3+ 18. Qxd3 Bb5 0-1

[Event "Mittelfrankenliga-B2b 0607"]
[Site "Mittelfranken"]
[Date "2007.05.06"]
[Round "9.7"]
[White "Muenzenberg, Dietrich"]
[Black "Kordts, Florian"]
[Result "1-0"]
[WhiteElo "1716"]
[BlackElo "1817"]
[PlyCount "69"]
[EventDate "2006.10.22"]
[EventType "team-tourn"]
[EventRounds "9"]
[EventCountry "GER"]
[SourceTitle "EXT 2011"]
[Source "ChessBase"]
[SourceDate "2010.11.26"]
[SourceVersion "1"]
[SourceVersionDate "2010.11.26"]
[SourceQuality "1"]
[WhiteTeam "Nuernberg Zabo"]
[BlackTeam "Postbauer II"]
[WhiteTeamCountry "GER"]
[BlackTeamCountry "GER"]

1. d4 Nf6 2. Bg5 c5 3. d5 Qb6 4. Nc3 Qxb2 5. Bd2 Qb6 6. e4 d6 7. f4 e6 8. Rb1 Qc7 9. Bb5+ Bd7 10. Qe2 a6 11. Bxd7+ Nbxd7 12. Nf3 e5 13. 0-0 Be7 14. fxe5 Nxe5 15. Nxe5 dxe5 16. Bg5 b5 17. Rbd1 Qd6 18. Rf5 g6 19. Rf3 h6 20. Bxf6 Bxf6 21. Rdf1 Bg5 22. Rxf7 Bf4 23. Rb7 Rf8 24. g3 Bg5 25. Rxf8+ Kxf8 26. Qf3+ Bf6 27. Qg4 Be7 28. Rd7 Qf6 29. d6 Bd8 30. Nd5 h5 31. Nxf6 hxg4 32. Nxg4 Ke8 33. Rg7 g5 34. Nxe5 Bf6 35. Rg8# 1-0

[Event "Mittelfranken-ch HT 56th"]
[Site "Postbauer"]
[Date "2007.04.04"]
[Round "4.14"]
[White "Kordts, Florian"]
[Black "Walther, Reinhard"]
[Result "1-0"]
[WhiteElo "1876"]
[BlackElo "1885"]
[PlyCount "87"]
[EventDate "2007.04.03"]
[EventType "swiss"]
[EventRounds "9"]
[EventCountry "GER"]
[SourceTitle "EXT 2011"]
[Source "ChessBase"]
[SourceDate "2010.11.26"]
[SourceVersion "1"]
[SourceVersionDate "2010.11.26"]
[SourceQuality "1"]

1. c4 Nf6 2. Nf3 g6 3. g3 d6 4. Bg2 Bg7 5. 0-0 c5 6. d4 cxd4 7. Nxd4 Qb6 8. Nc3 Bd7 9. Qb3 Qxb3 10. Nxb3 Nc6 11. Bg5 Rc8 12. Nd2 h6 13. Bxf6 Bxf6 14. Rac1 Bg7 15. b3 0-0 16. Nd5 Kh7 17. e3 f5 18. Nf3 Rf7 19. Rfd1 b6 20. Nd4 Nxd4 21. exd4 e5 22. dxe5 dxe5 23. Re1 Be8 24. a4 e4 25. f3 exf3 26. Bxf3 Rd7 27. Rcd1 Bf7 28. Nf6+ Bxf6 29. Rxd7 Kg8 30. Bd5 Bxd5 31. Rxd5 Rc7 32. Re6 Rf7 33. Kg2 Kg7 34. Rdd6 g5 35. Rc6 g4 36. Rcd6 Bg5 37. Rd4 Bf6 38. Rd5 Kg6 39. b4 Kg5 40. c5 bxc5 41. bxc5 Rb7 42. h4+ gxh3+ 43. Kxh3 Rb1 44. Rdd6 1-0

[Event "Mittelfrankenliga-B2b 0607"]
[Site "Mittelfranken"]
[Date "2006.10.22"]
[Round "1.6"]
[White "Kordts, Florian"]
[Black "Dereser, Marc"]
[Result "1/2-1/2"]
[WhiteElo "1817"]
[BlackElo "1822"]
[PlyCount "146"]
[EventDate "2006.10.22"]
[EventType "team-tourn"]
[EventRounds "9"]
[EventCountry "GER"]
[SourceTitle "EXT 2011"]
[Source "ChessBase"]
[SourceDate "2010.11.26"]
[SourceVersion "1"]
[SourceVersionDate "2010.11.26"]
[SourceQuality "1"]
[WhiteTeam "Postbauer II"]
[BlackTeam "Nuernberg SK 1911 II"]
[WhiteTeamCountry "GER"]
[BlackTeamCountry "GER"]

1. c4 Nf6 2. Nc3 d5 3. cxd5 Nxd5 4. g3 c6 5. Bg2 e6 6. Nf3 Bc5 7. 0-0 Nd7 8. a3 N7f6 9. b4 Bb6 10. Bb2 0-0 11. Qb3 Qe7 12. Na4 Bc7 13. Nc5 e5 14. e4 Nb6 15. d4 exd4 16. Nxd4 Nbd7 17. Nf5 Qe8 18. Nxd7 Bxd7 19. Nh6+ Kh8 20. Qc3 Qe7 21. e5 Ne8 22. Qd3 Be6 23. Nf5 Qg5 24. Be4 Rd8 25. Qe3 Qxe3 26. Nxe3 Bb6 27. Rfe1 Nc7 28. Nf5 Bxf5 29. Bxf5 Rd2 30. Reb1 Rxf2 31. Kh1 Rxf5 32. a4 Nd5 33. a5 Bc7 34. Re1 Nxb4 35. Ba3 c5 36. Rec1 Bxe5 37. Rxc5 Bxa1 38. Rxf5 Bc3 39. Rc5 Nc2 40. Rxc3 Nxa3 41. Rxa3 b6 42. axb6 axb6 43. Ra7 Rb8 44. Rxf7 Kg8 45. Rf4 b5 46. Rb4 Kf7 47. Kg2 Ke6 48. Kf3 Kd5 49. Ke3 Kc5 50. Rb1 Kc4 51. Rc1+ Kb3 52. Rc7 Re8+ 53. Kd3 Rg8 54. h4 h6 55. Rc6 Rf8 56. Rg6 Rf7 57. Kd4 b4 58. Re6 Ka3 59. Ra6+ Kb2 60. Re6 b3 61. Ke3 Kb1 62. Ra6 Rc7 63. Kd2 Rc2+ 64. Kd3 Kb2 65. Rg6 Rc7 66. Kd2 Rd7+ 67. Ke2 Rb7 68. Kd2 Ka3 69. Ra6+ Kb4 70. Kc1 Kc3 71. Rc6+ Kd3 72. Kb2 Ke3 73. Rc3+ Kf2 1/2-1/2

[Event "Nuremberg-ch op 06th"]
[Site "Nuremberg"]
[Date "2006.06.02"]
[Round "1.56"]
[White "Lechmann, Daniel"]
[Black "Kordts, Florian"]
[Result "0-1"]
[WhiteElo "1353"]
[BlackElo "1796"]
[PlyCount "70"]
[EventDate "2006.06.02"]
[EventType "swiss"]
[EventRounds "5"]
[EventCountry "GER"]
[SourceTitle "EXT 2007"]
[Source "ChessBase"]
[SourceDate "2006.11.23"]
[SourceVersion "1"]
[SourceVersionDate "2006.11.23"]
[SourceQuality "1"]

1. e4 c5 2. Nf3 Nc6 3. d4 cxd4 4. Nxd4 g6 5. Nxc6 bxc6 6. Bc4 Bg7 7. 0-0 d6 8. Nd2 Nf6 9. Re1 0-0 10. Nf3 Nd7 11. c3 Nb6 12. Bb3 c5 13. Be3 Bb7 14. Qc2 a5 15. a3 a4 16. Ba2 Ba6 17. Nd2 Qc7 18. Rab1 Nd7 19. Bd5 Ra7 20. Bc4 Ne5 21. Bxa6 Rxa6 22. h3 c4 23. Bd4 Nd3 24. Re2 e5 25. Be3 f5 26. f3 Rb8 27. g3 Qc8 28. Kh2 Rb7 29. f4 Qc6 30. exf5 gxf5 31. fxe5 dxe5 32. Bg5 Rab6 33. Nf1 Rxb2 34. Rxb2 Rxb2 35. Qd1 Nf2 0-1

[Event "Nuremberg LGA Cup 2nd"]
[Site "Nuremberg"]
[Date "2005.09.08"]
[Round "1.22"]
[White "Lauer, Moritz"]
[Black "Kordts, Florian"]
[Result "1/2-1/2"]
[WhiteElo "2183"]
[BlackElo "1692"]
[PlyCount "64"]
[EventDate "2005.09.08"]
[EventType "swiss"]
[EventRounds "7"]
[EventCountry "GER"]
[SourceTitle "EXT 2022"]
[Source "ChessBase"]
[SourceDate "2021.10.06"]
[SourceVersion "1"]
[SourceVersionDate "2021.10.06"]
[SourceQuality "1"]

1. e4 c5 2. c3 d6 3. d4 Nf6 4. Bd3 Nc6 5. Nf3 Bg4 6. d5 Bxf3 7. Qxf3 Ne5 8. Bb5+ Nfd7 9. Qe2 a6 10. Ba4 b5 11. Bc2 g6 12. a4 Rb8 13. b3 Nf6 14. f4 Ned7 15. 0-0 Bg7 16. Bd3 Qb6 17. Be3 0-0 18. axb5 axb5 19. Na3 b4 20. Nc4 Qc7 21. cxb4 Rxb4 22. Ra3 e6 23. Bd2 exd5 24. exd5 Nxd5 25. Bxb4 cxb4 26. Ra6 Nc3 27. Qe7 d5 28. Nd6 Bf6 29. Ne8 Bxe7 30. Nxc7 Nc5 31. Rf3 Nxa6 32. Nxa6 Nd1 1/2-1/2